Informática jurídica documental: manual para el sistema universitario de informática jurídica, SUIJ

Uloženo v:
Podrobná bibliografie
Hlavní autor: Giraldo Angel, Jaime (Autor)
Médium: Kniha
Jazyk:španělština
Vydáno: Bogotá Temis 1990
Témata:
Tagy: Přidat tag
Žádné tagy, Buďte první, kdo vytvoří štítek k tomuto záznamu!

MARC

LEADER 00000nam a2200000 a 4500
001 UCV2132
003 CL-VaPUC
008 911106e19900000CK |||||||||||||||||spa|d
020 |a 8482724665 
082 0 4 |a 340.073  |b GIR  |2 21 
100 0 |a Giraldo Angel, Jaime  |e author  |9 296379 
245 1 0 |a Informática jurídica documental: manual para el sistema universitario de informática jurídica, SUIJ 
300 |a 198 p 
942 |c BK 
945 |d 19911106 00:00:00 
260 |a Bogotá  |b Temis  |c 1990 
650 0 |a Informática jurídica  |9 255009 
583 |a last modification  |c 19911106 00:00:00  |k Rodrigo Vera 
999 |c 209815  |d 209813 
952 |0 0  |1 0  |4 0  |6 340_073000000000000_GIR_1990  |7 0  |8 DER_TF  |9 185606  |a BIBDER  |b BIBDER  |d 2019-11-14  |i 2530546  |o 340.073 GIR 1990  |p 2530546  |r 2023-01-25  |w 2019-11-14  |x Ubicación 4to Piso  |y BK  |z Estos recursos deben solicitarse con anticipación  |k DER 
952 |0 0  |1 0  |4 0  |6 340_073000000000000_GIR_1990  |7 0  |8 A  |9 185607  |a BIBDER  |b BIBDER  |d 2019-11-14  |i 4175131  |o 340.073 GIR 1990  |p 4175131  |r 2023-01-25  |w 2019-11-14  |y BK  |k DER